000 00762nac a22002417a 4500
001 BR8104770
003 BR-BrBNA
005 20240105115042.0
008 230509b bl.|||m| |||| 00| 0 por d
040 _aBR-BrBNA
_bpor
_cBiblioteca Nacional de Agricultura
072 _aE10
090 _aE10 BR8104770
110 1 _aAssociacao Brasileira da Industria de Armazenagem Frigorificada, Sao Paulo, SP
245 1 _aABIAF [Associacao Brasileira da Industria de Armazenagem Frigorificada]
260 3 _aSao Paulo, SP (Brasil):
_c1981.
300 _a75 p.
490 _aABIAF. Anuario (Brazil)
_v
_x
650 _aEMPRESA INDUSTRIAL
650 _aFRIGORIFICO
650 _aARMAZEM
909 _a202312
_bLúcia Elande
_c55
_dLúcia Elande
942 _2AGRIS
_n0
_cMS
999 _c272770
_d272770